| 000 | 01097nam a2200277 i 4500 | ||
|---|---|---|---|
| 003 | DO-SdBNP | ||
| 005 | 20240409133922.0 | ||
| 007 | ta | ||
| 008 | 240409b2023 dr ac||| |||| 00| 0 spa d | ||
| 020 | _a9789945643695 | ||
| 040 |
_aDO-SdBNP _bspa _cBNPHU _erda |
||
| 082 | 4 | _222 | |
| 111 | 2 |
_aMemorias de las presentaciones de los jueces del pleno del TC en las provincias de República Dominicana _985168 |
|
| 245 | 1 | 3 |
_aEl tribunal que da la cara al pueblo / _ccuidado de edición, Mildred Lisette Abreu Hernández ; correcciónEduardo Díaz Guerra |
| 264 |
_aSanto Domingo : _bTribunal Constitucional, _c2023. |
||
| 300 |
_avolumenes : _bilustraciones, retratos ; _c27 cm. |
||
| 336 |
_2rdacontent _atexto _btxt |
||
| 337 |
_2rdamedia _asin mediación _bn |
||
| 338 |
_2rdacarrier _avolumen _bnc |
||
| 500 | _aIncluye referencias bibliográficas y notas al pie de las páginas | ||
| 590 | _aInventariado, 2024/BT | ||
| 700 |
_aAbreu Hernández, Mildren Lisette, _ecuidado de edición _985169 |
||
| 700 | 1 |
_aDíaz Guerra, Eduardo, _ecorrección _96661 |
|
| 910 | _aBtavárez | ||
| 942 |
_2ddc _cLBS1 |
||
| 999 |
_c56309 _d56309 |
||